| 000 | 00473nam a2200169Ia 4500 | ||
|---|---|---|---|
| 008 | 230917s9999||||xx |||||||||||||| ||und|| | ||
| 020 | _cRS795 | ||
| 040 |
_e228786 _aMAIN |
||
| 041 | _aEnglish | ||
| 082 | _a338.4791 S84T | ||
| 100 | _aScott, Daniel | ||
| 245 | 0 | _aTourism and climate change: Impacts, adaptation and mitigation | |
| 260 |
_aLondon _bRoutledge _c2014 |
||
| 300 | _axx, 440 p. | ||
| 500 | _a2161 12/10/2015 HBD15/6525 26/10/2015 IHTM (SFS) | ||
| 942 | _cBK | ||
| 999 |
_c16447 _d16447 |
||